[Event "Hannover-ch U16"]
[Site "Bueckeburg"]
[Date "2007.11.01"]
[Round "1"]
[White "Chmelev, Alex"]
[Black "Winkelhake, Julian"]
[Result "1-0"]
[WhiteElo "1651"]
[BlackElo "1084"]
[PlyCount "59"]
[EventDate "2007.11.01"]
[EventType "swiss"]
[EventRounds "7"]
[EventCountry "GER"]
[SourceTitle "EXT 2021"]
[Source "ChessBase"]
[SourceDate "2020.10.23"]
[SourceVersion "1"]
[SourceVersionDate "2020.10.23"]
[SourceQuality "1"]

1. e4 e5 2. Nf3 Nc6 3. Bb5 a6 4. Ba4 b5 5. Bb3 Bb7 6. 0-0 Bc5 7. c3 d6 8. Re1 Nf6 9. d4 Bb6 10. a4 0-0 11. Bg5 exd4 12. cxd4 d5 13. Bxd5 Qd6 14. Bxc6 Bxc6 15. e5 Qd8 16. exf6 gxf6 17. Bh6 Re8 18. Rxe8+ Qxe8 19. Ne5 f5 20. Qh5 f6 21. Qxf5 fxe5 22. Qg5+ Kf7 23. Qg7+ Ke6 24. Qxe5+ Kd7 25. axb5 Bxb5 26. Qd5+ Ke7 27. Nc3 Bc6 28. Re1+ Kf6 29. Qg5+ Kf7 30. Qg7# 1-0